=LDR 00000nam 2200000 4500 =001 INLIS000000000049360 =005 20170213084141.0 =006 =007 =008 =020 ##$$a 978-979-3703-49-9 =035 ##$$0010-021700000000152 =040 ##$$a NBPDMAT =082 ##$$a 912.959 819 3 =090 ##$$aR.912.959 819 3 $bAch a =100 ##$$a Achmad Chaldun =245 ##$$a Atlas tematik provinsi Kepulauan Riau $b: Administrasi, Sosial Budaya, Transportasi dan Perdagangan - Sumber daya Alam $c/ Achmad Chaldun; Achmad Rusdi =250 ##$$a Cet. 1 =260 ##$$a Surabaya $b Karya Pembina Swajaya $c 2007 =300 ##$$a 54 hlm. : $b ilus. ; $c 31 cm =500 ##$$a Indeks hlm : 52 - 53 =650 ##$$a Atlas - Kepulauan Riau =700 ##$$a Achmad Rusdi =850 ##$$a NBPDMAT =990 ##$$a 21606016 =990 ##$$a 21606017 =990 ##$$a 21606018 =990 ##$$a 21606019